Wird geladen...

ചുണ്ടെലി /

Bibliographische Detailangaben
1. Verfasser: വിലാസിനി
Weitere Verfasser: Vilasini
Format: Printed Book
Sprache:English
Veröffentlicht: കോഴിക്കോട് : പൂര്‍ണ പബ്ലിക്കേഷന്‍സ്, 2014.
Ausgabe:2nd ed.
Schlagworte:
LEADER 00760nam a22002057a 4500
008 130723b xxu||||| |||| 00| 0 eng d
020 |a 9788130013855 
082 |a 894.13   |b VIL 
100 |a വിലാസിനി 
240 |a Chundeli 
245 |a ചുണ്ടെലി /  |c വിലാസിനി 
250 |a 2nd ed. 
260 |a കോഴിക്കോട് :  |b പൂര്‍ണ പബ്ലിക്കേഷന്‍സ്,  |c 2014. 
300 |a 272p. 
650 |a Novel 
650 |a നോവല്‍ 
700 |a Vilasini 
942 |2 ddc  |c BK 
999 |c 15151  |d 15151 
952 |0 0  |1 0  |2 ddc  |4 0  |6 894_130000000000000_VIL  |7 0  |9 21453  |a MAIN  |b MAIN  |d 2016-06-13  |e Poorna Publications  |g 225.00  |l 2  |o 894.13 VIL  |p 21433  |r 2020-02-28  |s 2020-01-25  |t 1  |w 2016-06-13  |y BK